Vliv křemíku na redistribuci uhlíku ve svarových spojích uhlíkové a korozivzdorné oceli

Bibliographic Details
Main Authors: Kučera, Jaroslav (Author), Stránský, Karel, 1931-2018 (Author), Dojiva, Radim (Author)
Format: Article
Language:Czech
Slovak
PhysicalDescription:Obr. 2. Tb. 5. Graf 1. Res. angl., lit. 9 zázn. v češ., ruš., nem., angl., franc.
Subjects:

MARC

LEADER 00000nab a2200000 a 4500
001 vtls000442790
003 SK-MaSNL
005 20260304210524.0
008 230217c1991 xo 0 cze
015 |a SNBRB19rr/mm-uuuuu 
035 |a CL0442920 
035 |a urn:nbn:sk:snk-abbmhd 
035 |a (urnnbn)urn:nbn:sk:snk:ar-001l4q 
035 |a (uuid)dc5804cb-3b11-439f-8e04-76db8ff646cd 
040 |a SNKBUCL  |b slo  |c SNKBUCL  |e AACR2 
041 0 |a slo 
044 |a xo  |c SK 
080 |a 669.15.018:621.791.05  |2 1981 
080 |a 621.791.05  |2 1981 
100 1 |a Kučera, Jaroslav  |4 aut  |9 286891 
245 1 0 |a Vliv křemíku na redistribuci uhlíku ve svarových spojích uhlíkové a korozivzdorné oceli  |c Jaroslav Kučera, Karel Stránský, Radim Dojiva 
300 |b Obr. 2. Tb. 5. Graf 1. Res. angl., lit. 9 zázn. v češ., ruš., nem., angl., franc. 
650 0 7 |a ocele uhlíkové  |2 snkbucl  |9 951179 
650 0 7 |a ocele nehrdzavejúce  |2 snkbucl  |9 930889 
650 0 7 |a zvarové spoje  |2 snkbucl  |9 31821 
650 0 7 |a uhlík  |2 snkbucl  |9 18124 
650 0 7 |a kremík  |2 snkbucl  |9 20966 
655 7 |a články z novín a časopisov  |2 snkbucl  |9 267496 
700 1 |a Stránský, Karel,  |d 1931-2018  |4 aut  |9 5231 
700 1 |a Dojiva, Radim  |4 aut  |9 1541764 
773 0 |t Kovové materiály  |g Roč. 29, č. 5 (1991), s. 383-392 
850 |a Slovenská národná knižnica v Martine  |a MTA001 
852 |a SNK  |b KIS3GCP 
958 |a NB 
958 |a RK 
958 |a OND 
958 |a EUIPO 
958 |a article15 
992 |a RBX 
999 |c 3126413  |d 3128343